2017 Oscar Nominees - Statistics

General Stats
  • This quiz has been taken 80 times
  • The average score is 14 of 42
Answer Stats
N Nominee W % Correct
14 La La Land 6
98%
8 Moonlight 3
94%
6 Manchester by the Sea 2
73%
4 Fences 1
62%
8 Arrival 1
56%
3 Jackie 0
52%
6 Hacksaw Ridge 2
51%
3 Hidden Figures 0
51%
6 Lion 0
51%
2 Florence Foster Jenkins 0
48%
4 Hell or High Water 0
48%
2 Moana 0
48%
1 Zootopia 1
48%
1 Elle 0
46%
1 Doctor Strange 0
37%
1 Captain Fantastic 0
35%
1 Loving 0
35%
2 Fantastic Beasts and Where to Find Them 1
33%
1 Suicide Squad 1
33%
1 The Jungle Book 1
30%
2 Kubo and the Two Strings 0
29%
1 Nocturnal Animals 0
29%
2 Rogue One: A Star Wars Story 0
25%
1 Silence 0
24%
1 The Red Turtle 0
24%
1 The Salesman 1
22%
1 Trolls 0
22%
1 Star Trek Beyond 0
21%
1 Toni Erdmann 0
19%
1 The Lobster 0
17%
2 A Man Called Ove 0
16%
1 Sully 0
16%
1 20th Century Women 0
11%
1 Allied 0
11%
1 Hail, Caesar! 0
11%
1 Jim: The James Foley 0
11%
1 13 Hours: The Secret Soldiers of Benghazi 0
10%
2 Deepwater Horizon 0
10%
1 My Life as Zucchini 0
10%
1 Tanna 0
10%
2 Passangers 0
8%
1 Land o Mine 0
6%
No matching quizzes found
Score Distribution
Percent of People with Each Score
Percentile by Number Answered
Your Score History
You have not taken this quiz